000 00408nam a2200181Ia 4500
008 100917s9999 xx 000 0 und d
082 _b14314
100 _a---
245 _aफुलोरा
260 _b---
_c1927
300 _a107
365 _b0.5
520 _aकविता
630 _aफुलोरा
650 _aकविता
730 _aफुलोरा
942 _cBOOK
999 _c619708
_d619705